Tőzsdei instrumentumok fundamentális elemzésének bemutatása

Bibliográfiai részletek
Szerző: Török Szilvia Tünde
További közreműködők: Bartha Dr. Andrea
Dokumentumtípus: Diplomadolgozat
Kulcsszavak:Tőzsde
Fundamentális elemzés
Tőzsdei ügylet
Részvényindexek
Online Access:http://dolgozattar.uni-bge.hu/523

MARC

LEADER 00000nta a2200000 i 4500
001 dolg523
005 20150424145120.0
008 141203suuuu hu om 000 hun d
040 |a BGE Dolgozattár Repozitórium  |b hun 
041 |a hu 
100 1 |a Török Szilvia Tünde 
245 1 0 |a Tőzsdei instrumentumok fundamentális elemzésének bemutatása  |c Török Szilvia Tünde  |h [elektronikus dokumentum] 
695 |a Tőzsde 
695 |a Fundamentális elemzés 
695 |a Tőzsdei ügylet 
695 |a Részvényindexek 
700 1 |a Bartha Dr. Andrea  |e ths 
856 4 0 |u http://dolgozattar.uni-bge.hu/523/13/T%C3%B6r%C3%B6k_Szilvia_Szakdolgozat.pdf  |z Dokumentum-elérés